| 000 | 01290nam a2200253Ia 4500 | ||
|---|---|---|---|
| 999 |
_c54526 _d54526 |
||
| 001 | 21590 | ||
| 003 | GE_BSU | ||
| 005 | 20211203171954.0 | ||
| 008 | 181216s1954||||ge |||||||||||||| ||geo|| | ||
| 040 | _cGE_BSU | ||
| 041 | _ageo | ||
| 080 | _a811.353.1-84(075.8=161.1) კ-39 | ||
| 100 |
_aკეკელია, შ. _97846 |
||
| 245 |
_aქართული ენის სახელმძღვანელო : _bუმაღლ. სკოლის რუს. განყ-ბის სტუდენტთათვის / _cშ. კეკელია ; რედ. : ს. ვაჩნაძე, ი. ქავთარაძე. |
||
| 264 |
_aთბილისი : _bსამეც.- მეთოდ. კაბინეტის გამ-ბა, _c1954. |
||
| 300 |
_a491 გვ. ; _c21 სმ. |
||
| 541 | _h2ლ. 16თ. | ||
| 653 | _aქართული ენა | ||
| 653 | _aქართული ენის სახელმძღვანელო | ||
| 700 |
_aვაჩნაძე, ს. _eრედაქტორი _92916 |
||
| 700 |
_aქავთარაძე, ი. _eრედაქტორი _97726 |
||
| 710 |
_aსაქართველოს სსრ განათლების სამინისტრო _913179 |
||
| 942 |
_cBK _2udc |
||